000 00711nam a2200241 a 4500
001 987
003 BR-CuiBMT
005 20231124202312.0
008 231124s2018 spba 000 0 por d
020 _a9788597015195
040 _aBR-CuiBMT
_cBR-CuiBMT
080 _22007
_a347.91/.95
090 _a347.91/.95
_bN972c
_c21. ed.
100 1 _aNunes, Elpídio Donizetti
_d1956-
245 1 0 _aCurso didático de direito processual civil /
_cElpídio Donizetti.
250 _a21. ed. rev., atual e ampl.
260 _aSão Paulo :
_bAtlas,
_c2018.
300 _a1506 p. :
_bil. color. ;
_c25 cm
504 _aInclui bibliografia.
650 _aDireito processual
650 _aProcesso civil
942 _2udc
_cLV
999 _c987
_d987